000 00693nam a22002177a 4500
003 OSt
005 20240624025430.0
008 240624b |||||||| |||| 00| 0 eng d
020 _a9786214160433
040 _aDWC- Main Lib
_cOC
082 _aFil. 657.45 R786c 2018
100 _aRoque, Gerardo S
245 _aCPA examination reviewer auditing theory. /
_cGerardo S Roque.
250 _a2018-2019 edition
260 _aManila, Philippines :
_bGIC Enterprises & Co., Inc.,
_cc2018.
300 _a922 pages :
_billustrations ;
_c23cm.
500 _aIncludes bibliographic references.
650 _a1. Auditing - Examination
650 _a2. Auditing - problems
942 _2ddc
_cBK - FIL
_n1
999 _c1195
_d1195